|
|
|
|
| LEADER |
00000nam0a2200000 4500 |
| 001 |
95180 |
| 005 |
20231031110014.0 |
| 035 |
|
|
|a (RuTPU)RU\TPU\book\101935
|
| 090 |
|
|
|a 95180
|
| 100 |
|
|
|a 20060421d1980 km y0rusy50 ca
|
| 101 |
0 |
|
|a rus
|
| 102 |
|
|
|a RU
|
| 105 |
|
|
|a a g 001zy
|
| 200 |
1 |
|
|a Гнутые профили проката
|e справочник
|f И. С. Тришевский [и др.]
|g под ред. И. С. Тришевского
|
| 210 |
|
|
|a Москва
|c Металлургия
|d 1980
|
| 215 |
|
|
|a 351 с.
|c ил.
|
| 320 |
|
|
|a Предм. указ.: с. 347-349.
|
| 610 |
1 |
|
|a прокатное производство
|
| 610 |
1 |
|
|a прокат
|
| 610 |
1 |
|
|a гнутые профили
|
| 610 |
1 |
|
|a расчет конструкций
|
| 610 |
1 |
|
|a поставка
|
| 610 |
1 |
|
|a оформление заказов
|
| 610 |
1 |
|
|a сортамент
|
| 610 |
1 |
|
|a производство
|
| 610 |
1 |
|
|a народном хозяйство
|
| 610 |
1 |
|
|a эффективность
|
| 610 |
1 |
|
|a справочники
|
| 675 |
|
|
|a 621.771.6(035)
|v 3
|
| 701 |
|
1 |
|a Тришевский
|b И. С.
|g Игоь Стефанович
|
| 701 |
|
1 |
|a Лемпицкий
|b В. В.
|g Виктор Викторович
|
| 701 |
|
1 |
|a Воронцов
|b Н. М.
|g Николай Михайлович
|
| 701 |
|
1 |
|a Донец
|b Г. В.
|g Григорий Васильевич
|
| 701 |
|
1 |
|a Агарков
|b Н. Д.
|g Николай Дмитриевич
|
| 702 |
|
1 |
|a Тришевский
|b И. С.
|4 340
|
| 801 |
|
1 |
|a RU
|b 63413507
|c 20060421
|g PSBO
|
| 801 |
|
2 |
|a RU
|b 63413507
|c 20150831
|g PSBO
|
| 942 |
|
|
|c BK
|